Výtvarná Dubnica 88 Celoslovenská súťaž amatérskej tvorby

Bibliographic Details
Main Author: Daniš, Jaroslav (Author)
Format: Article
Language:Slovak
Subjects:

MARC

LEADER 00000nab a2200000 a 4500
001 vtls000333605
003 SK-MaSNL
005 20260302224820.0
008 111201c1988 xo 0 slo
015 |a SNBRB19rr/mm-uuuuu 
035 |a CL0333727 
040 |a SNKBUCL  |b slo  |c SNKBUCL  |e AACR2 
041 0 |a slo 
044 |a xo  |c SK 
080 |a 73/76.077:061.4  |2 1981 
080 |a 061.4  |2 1981 
100 1 |a Daniš, Jaroslav  |4 aut  |9 353851 
245 1 0 |a Výtvarná Dubnica 88  |b Celoslovenská súťaž amatérskej tvorby  |c Jaroslav Daniš 
611 2 7 |a Výtvarná Dubnica  |n (26. :  |d 1988 :  |c Dubnica nad Váhom, Slovensko)  |2 snkbucl  |9 951991 
650 0 7 |a amatérske výtvarné umenie  |2 snkbucl  |9 74225 
651 7 |a Dubnica nad Váhom (Slovensko)  |2 snkbucl  |9 58303 
655 7 |a články z novín a časopisov  |2 snkbucl  |9 267496 
773 0 |t Práca  |g Roč. 43, č. 247 (19. 10. 1988), s. 6 
850 |a Slovenská národná knižnica v Martine  |a MTA001 
852 |a SNK  |b KIS3GCP 
992 |a RBX 
999 |c 1526067  |d 1527997